01591nam a2200301 a 4500001001000000005001700010008004100027041000800068044000800076084002000084100004500104245011000149260002900259300004300288500018500331500021600516500015500732500005600887500001000943546002400953650005200977650005601029650003401085650004501119700003901164700003601203740005001239BRCA_320620190320204150.0260209s1747----enka---###---#000-0#eng-# aeng aenk a506b.C66c17471 aCervantes Saavedra, Miguel ded1547-161610aThe History of the Renowned Don Quixote de la ManchacWritten in Spanish by Miguel de Cervantes Saavedra. aLondresbM. Cooperc1747 a4 v.bil.c18 cm.eláminas plegables aContenido : v.1. Primera parte. Precedido de noticia sobre el autor y prólogo de Cervantes. -- v.2. Texto. -- v.3. Segunda parte. Precedido de prólogo del autor. -- v. 4. Texto aEdición : Translated by several Hands. Revised a new from the best Spanish Edition to which are added Explanatory Notes from Jarvis, Oudin, Sobrino, Pineda, Gregorio and the Royal Academic Dictionary of Madrid aReproducción de la traducción de Motteux a la que acompañan las notas de Jarvis, Oudin y otras. Piel; lomos dorados con dorados Lúdovik Orterc aEstado físico : Encuadernación desprendida v. 3 aQM740 aTexto en : inglés14aNovela españolayÉpoca clásica, 1500-170014aLiteratura españolayÉpoca clásica, 1500-170014aNovela españolaySiglo XVII14aDon Quijote (Personaje ficticio)eNovela1 aJarvis, Charlesd?-1739eTraductor1 aOudin, Cesard?-1625eTraductor0 aEl Ingenioso Hidalgo Don Quijote de la Mancha